[Event "Chigorin Memorial 28th"]
[White "Bajaramov, Elvin"]
[Black "Sudarkina, Ekaterina"]
[Site "St Petersburg"]
[Round "8"]
[Result "1-0"]
[Date "2021.10.30"]
[WhiteElo "1808"]
[BlackElo "1439"]
[PlyCount "75"]
[EventDate "2021.10.23"]
[EventType "swiss"]
[EventRounds "9"]
[EventCountry "RUS"]
[SourceTitle "EXT 2023"]
[Source "ChessBase"]
[SourceDate "2022.10.05"]
[SourceVersion "1"]
[SourceVersionDate "2022.10.05"]
[SourceQuality "1"]

1. Nc3 d5 2. d4 Nf6 3. Bf4 Bf5 4. e3 e6 5. Nb5 Na6 6. c4 Bb4+ 7. Nc3 c5 8. cxd5 0-0 9. Bxa6 bxa6 10. dxe6 Bxe6 11. Nge2 cxd4 12. exd4 Bc4 13. 0-0 Re8 14. Re1 Rc8 15. Rc1 Nd5 16. Bd2 Bd6 17. Ng3 Rxe1+ 18. Qxe1 Nb4 19. Qe4 Nd3 20. Rb1 Bxg3 21. hxg3 Nb4 22. Qg4 Be6 23. Qe4 Nxa2 24. Qe5 Nb4 25. Be3 Nd5 26. Ne4 Nf6 27. Bg5 Qd5 28. Bxf6 Qxe5 29. Bxe5 Bf5 30. Nd6 Bxb1 31. Nxc8 f6 32. Bf4 Kf7 33. d5 Ke8 34. Nxa7 Bd3 35. Nc6 Be4 36. Nb4 Kd7 37. f3 Bd3 38. Nxd3 1-0

[Event "Chigorin Memorial 28th"]
[White "Bajaramov, Elvin"]
[Black "Kotlyar, Anfisa"]
[Site "St Petersburg"]
[Round "4"]
[Result "1-0"]
[Date "2021.10.26"]
[WhiteElo "1808"]
[BlackElo "1232"]
[PlyCount "57"]
[EventDate "2021.10.23"]
[EventType "swiss"]
[EventRounds "9"]
[EventCountry "RUS"]
[SourceTitle "EXT 2023"]
[Source "ChessBase"]
[SourceDate "2022.10.05"]
[SourceVersion "1"]
[SourceVersionDate "2022.10.05"]
[SourceQuality "1"]

1. c4 d6 2. Nc3 g6 3. g3 Bg7 4. Bg2 c6 5. Nf3 Nf6 6. 0-0 0-0 7. Qc2 e5 8. d4 Nbd7 9. Rd1 Qe7 10. e4 Re8 11. b3 exd4 12. Rxd4 c5 13. Rd1 Nxe4 14. Nd5 Qd8 15. Bb2 Bxb2 16. Qxb2 Ndf6 17. Nd2 Nxd5 18. Nxe4 f5 19. Rxd5 fxe4 20. Rad1 Re6 21. Rxc5 b6 22. Rcd5 Bb7 23. Qd4 Kf7 24. Bxe4 Bxd5 25. Bxd5 Rc8 26. Re1 Rc7 27. Bxe6+ Ke7 28. Qg7+ Ke8 29. Qg8+ 1-0

[Event "Chigorin Memorial 27th"]
[White "Soloviev, Mikhail2"]
[Black "Bajaramov, Elvin"]
[Site "St Petersburg"]
[Round "7"]
[Result "1-0"]
[Date "2019.10.11"]
[WhiteElo "1704"]
[BlackElo "1881"]
[PlyCount "95"]
[EventDate "2019.10.05"]
[EventType "swiss"]
[EventRounds "9"]
[EventCountry "RUS"]
[SourceTitle "EXT 2021"]
[Source "ChessBase"]
[SourceDate "2020.10.23"]
[SourceVersion "1"]
[SourceVersionDate "2020.10.23"]
[SourceQuality "1"]

1. d4 d5 2. Nf3 Nf6 3. e3 e6 4. Bd3 Bd6 5. Nbd2 0-0 6. b3 Nc6 7. Bb2 Qe7 8. Ne5 Bxe5 9. dxe5 Nd7 10. f4 f6 11. exf6 Nxf6 12. Nf3 e5 13. Nxe5 Nxe5 14. Bxe5 Ng4 15. 0-0 Qh4 16. h3 Nxe5 17. fxe5 Bxh3 18. gxh3 Qg3+ 19. Kh1 Qxh3+ 20. Kg1 Qg3+ 21. Kh1 Qh3+ 22. Kg1 Qxe3+ 23. Kh1 Qxe5 24. Qe2 Qd6 25. Qh2 Qxh2+ 26. Kxh2 g6 27. Rxf8+ Rxf8 28. Kg3 Kg7 29. Re1 Rf7 30. Kg4 a6 31. a4 c6 32. Kg5 Rd7 33. Re2 Rf7 34. Re6 Rd7 35. Kf4 Kf7 36. Ke5 Re7 37. Rxe7+ Kxe7 38. a5 Kd7 39. Bf1 Kc7 40. b4 Kd7 41. Bh3+ Kc7 42. Ke6 Kb8 43. Kd7 h5 44. Be6 g5 45. Bf7 g4 46. Bxh5 g3 47. Bf3 Ka7 48. Bg2 1-0

[Event "Chigorin Memorial 27th"]
[White "Avazov, Semen"]
[Black "Bajaramov, Elvin"]
[Site "St Petersburg"]
[Round "5"]
[Result "1-0"]
[Date "2019.10.09"]
[WhiteElo "1639"]
[BlackElo "1881"]
[PlyCount "77"]
[EventDate "2019.10.05"]
[EventType "swiss"]
[EventRounds "9"]
[EventCountry "RUS"]
[SourceTitle "EXT 2020"]
[Source "ChessBase"]
[SourceDate "2019.10.17"]
[SourceVersion "1"]
[SourceVersionDate "2019.10.17"]
[SourceQuality "1"]

1. e4 e5 2. Nf3 Nc6 3. d4 exd4 4. Nxd4 Bc5 5. Nb3 Bb6 6. Nc3 Nf6 7. Bg5 0-0 8. Qe2 Nd4 9. Qd2 Ne6 10. Be3 d6 11. 0-0-0 Ng4 12. Bxb6 axb6 13. h3 Ne5 14. f4 Nc6 15. f5 Nc5 16. Nxc5 bxc5 17. Kb1 Re8 18. g4 Nd4 19. Bg2 c6 20. Ne2 Nxe2 21. Qxe2 b5 22. Qd2 b4 23. c4 bxc3 24. Qxc3 Qe7 25. h4 Bb7 26. g5 d5 27. f6 Qe5 28. exd5 cxd5 29. Qxc5 Qf5+ 30. Ka1 Re2 31. Bxd5 Bxd5 32. Qxd5 Qxd5 33. Rxd5 Rb8 34. b3 Ra8 35. a4 Rb8 36. Rd3 gxf6 37. gxf6 h6 38. Rg1+ Kf8 39. Rdg3 1-0

[Event "RUS-chT U20"]
[White "Puzko, Danila"]
[Black "Bajaramov, Elvin"]
[Site "Kaliningrad"]
[Round "3"]
[Result "1/2-1/2"]
[Date "2013.08.04"]
[WhiteElo "2074"]
[BlackElo "1972"]
[PlyCount "91"]
[EventDate "2013.08.02"]
[EventType "team-swiss"]
[EventRounds "9"]
[EventCountry "RUS"]
[SourceTitle "EXT 2018"]
[Source "ChessBase"]
[SourceDate "2017.10.13"]
[SourceVersion "1"]
[SourceVersionDate "2017.10.13"]
[SourceQuality "1"]

1. e4 e5 2. Nf3 Nc6 3. Bb5 a6 4. Bxc6 bxc6 5. 0-0 d6 6. d4 exd4 7. Qxd4 c5 8. Qd3 Ne7 9. b3 Nc6 10. Bb2 Be6 11. c4 f6 12. Nc3 g6 13. Nd5 Bg7 14. h4 0-0 15. Rad1 Qd7 16. h5 Ne5 17. Nxe5 fxe5 18. hxg6 hxg6 19. Qg3 Bxd5 20. Rxd5 Qe6 21. Bc1 a5 22. Rd3 a4 23. Qh4 Rf7 24. Rh3 Kf8 25. Bh6 Bxh6 26. Qxh6+ Ke7 27. Qg5+ Kd7 28. Rg3 Rf6 29. Qe3 Rf4 30. Rd1 Ke7 31. Rg5 axb3 32. axb3 Ra2 33. f3 Qf6 34. Rg3 g5 35. Rd2 Ra1+ 36. Kf2 g4 37. Qc3 Ra8 38. b4 Qh4 39. bxc5 Raf8 40. cxd6+ cxd6 41. Qb4 R8f6 42. Qb7+ Kf8 43. Qc8+ Kg7 44. Qd7+ Kg8 45. Qd8+ Kg7 46. Qe7+ 1/2-1/2

[Event "RUS-chT U20"]
[White "Bajaramov, Elvin"]
[Black "Vavulin, Maksim"]
[Site "Kaliningrad"]
[Round "1"]
[Result "0-1"]
[Date "2013.08.02"]
[WhiteElo "1972"]
[BlackElo "2360"]
[PlyCount "82"]
[EventDate "2013.08.02"]
[EventType "team-swiss"]
[EventRounds "9"]
[EventCountry "RUS"]
[SourceTitle "EXT 2018"]
[Source "ChessBase"]
[SourceDate "2017.10.13"]
[SourceVersion "1"]
[SourceVersionDate "2017.10.13"]
[SourceQuality "1"]

1. e4 e5 2. Nf3 Nc6 3. Bc4 Nf6 4. d3 Bc5 5. Nc3 a6 6. Bg5 h6 7. Bh4 Be7 8. 0-0 d6 9. Qe2 g5 10. Bg3 g4 11. Nd2 h5 12. Bh4 Nxe4 13. Qxe4 Bxh4 14. f4 f5 15. Qd5 Qe7 16. fxe5 dxe5 17. a3 Nd4 18. Rae1 Bxe1 19. Rxe1 c6 20. Qa5 b5 21. Bb3 Rb8 22. Kh1 Kd7 23. Ba2 Re8 24. a4 Nxc2 25. axb5 axb5 26. Rf1 Qb4 27. Qa7+ Rb7 28. Qf2 Nd4 29. Bf7 Re7 30. Bxh5 Kc7 31. Qh4 Kb8 32. Qf6 Qxb2 33. Qd6+ Rbc7 34. Ndb1 Re6 35. Qc5 Kb7 36. Na3 Kb8 37. Rb1 Qd2 38. Ra1 Nb3 39. Qb6+ Rb7 40. Qg1 Nxa1 41. Qxa1 b4 0-1

[Event "Chigorin Memorial 20th"]
[White "Turikov, Viktor"]
[Black "Bajaramov, Elvin"]
[Site "St Petersburg"]
[Round "6"]
[Result "1-0"]
[Date "2012.11.01"]
[WhiteElo "2270"]
[BlackElo "2025"]
[PlyCount "103"]
[EventDate "2012.10.27"]
[EventType "swiss"]
[EventRounds "9"]
[EventCountry "RUS"]
[SourceTitle "EXT 2013"]
[Source "ChessBase"]
[SourceDate "2012.11.22"]
[SourceVersion "1"]
[SourceVersionDate "2012.11.22"]
[SourceQuality "1"]

1. d4 d5 2. Nc3 Bf5 3. Bf4 e6 4. e3 Nf6 5. Bd3 Bd6 6. Bxf5 exf5 7. Nge2 0-0 8. Qd3 g6 9. Bg5 c6 10. h4 Nbd7 11. h5 b5 12. hxg6 fxg6 13. Nf4 Qa5 14. Kf1 Ne4 15. Nxe4 fxe4 16. Qe2 Rf5 17. Bh6 Re8 18. c3 Qd8 19. Kg1 Bf8 20. Bxf8 Nxf8 21. a4 bxa4 22. Rxa4 Qd7 23. Qa6 Re7 24. Rb4 Qc7 25. Rh3 Ref7 26. Qe2 g5 27. Qg4 Kh8 28. Rh5 Qd8 29. Nh3 Ne6 30. Rh6 Qe7 31. Rxe6 Qxe6 32. Nxg5 Qg6 33. Nxf7+ Rxf7 34. Qxg6 hxg6 35. Rb8+ Kg7 36. Rc8 Rf6 37. Rc7+ Kh6 38. Rxa7 Kg5 39. b4 Kf5 40. Re7 Rd6 41. Kh2 Kg4 42. Rf7 Re6 43. Rf4+ Kg5 44. Kg3 Re7 45. Rf8 Re6 46. Rf7 Re8 47. Rd7 Kf5 48. Rd6 Rc8 49. b5 cxb5 50. Rxd5+ Kf6 51. Rxb5 Rxc3 52. Re5 1-0

[Event "Chigorin Memorial 20th"]
[White "Bajaramov, Elvin"]
[Black "Popov, Alexei"]
[Site "St Petersburg"]
[Round "3"]
[Result "1-0"]
[Date "2012.10.29"]
[WhiteElo "2025"]
[BlackElo "1823"]
[PlyCount "101"]
[EventDate "2012.10.27"]
[EventType "swiss"]
[EventRounds "9"]
[EventCountry "RUS"]
[SourceTitle "EXT 2013"]
[Source "ChessBase"]
[SourceDate "2012.11.22"]
[SourceVersion "1"]
[SourceVersionDate "2012.11.22"]
[SourceQuality "1"]

1. e4 e5 2. Nf3 Nc6 3. Bc4 Bc5 4. 0-0 Nf6 5. c3 Nxe4 6. d4 exd4 7. cxd4 Be7 8. d5 Nb8 9. Re1 Nd6 10. Bd3 0-0 11. Nc3 f5 12. Bf4 g5 13. Bxd6 Bxd6 14. Nd4 Qf6 15. Nxf5 Bc5 16. Qh5 Kh8 17. Re8 Qg6 18. Qxg6 hxg6 19. Rae1 Na6 20. Rxf8+ Bxf8 21. Re8 gxf5 22. Rxf8+ Kg7 23. Rxf5 Nc5 24. Rxg5+ Kf6 25. Rg6+ Ke5 26. Be2 d6 27. Rg8 b6 28. b4 Nb7 29. Nb5 a5 30. Nxc7 Rb8 31. Bg4 axb4 32. Rxc8 Rxc8 33. Bxc8 Nc5 34. h4 Ne4 35. Ba6 Nc3 36. Bc4 Kd4 37. Bb3 Ne2+ 38. Kf1 Nc1 39. h5 Nxb3 40. axb3 Kc3 41. h6 Kxb3 42. Na6 b5 43. h7 Kc4 44. h8Q Kxd5 45. Nxb4+ Kc4 46. Qb2 d5 47. g4 d4 48. g5 d3 49. g6 d2 50. Qxd2 Kb3 51. g7 1-0

[Event "Chigorin Memorial 20th"]
[White "Bajaramov, Elvin"]
[Black "Sipila, Vilka"]
[Site "St Petersburg"]
[Round "1"]
[Result "0-1"]
[Date "2012.10.27"]
[WhiteElo "2025"]
[BlackElo "2430"]
[PlyCount "88"]
[EventDate "2012.10.27"]
[EventType "swiss"]
[EventRounds "9"]
[EventCountry "RUS"]
[SourceTitle "EXT 2013"]
[Source "ChessBase"]
[SourceDate "2012.11.22"]
[SourceVersion "1"]
[SourceVersionDate "2012.11.22"]
[SourceQuality "1"]

1. e4 e5 2. Nf3 Nf6 3. Nc3 Bb4 4. Bc4 0-0 5. 0-0 d6 6. Qe2 c6 7. Bb3 a5 8. a4 Re8 9. d3 h6 10. Nd1 d5 11. c3 Bd6 12. Bc2 Nbd7 13. Ne3 Nf8 14. exd5 cxd5 15. d4 e4 16. Nd2 Ng6 17. g3 Be6 18. b3 h5 19. Qb5 h4 20. Ba3 Bc7 21. Bd1 Nh7 22. c4 hxg3 23. hxg3 Nf6 24. cxd5 Nxd5 25. Ndc4 Nxe3 26. Nxe3 Qxd4 27. Rc1 Rac8 28. Be2 Qb6 29. Rfd1 Red8 30. Nc4 Qa7 31. Bc5 Rxd1+ 32. Rxd1 Qb8 33. Nd6 Bxd6 34. Bxd6 Qa7 35. Bc4 Bxc4 36. bxc4 Nf8 37. Re1 Ne6 38. Rxe4 b6 39. Qh5 Qd7 40. Rh4 f6 41. Qh8+ Kf7 42. Qh5+ g6 43. Qd5 Kg7 44. Rg4 Ng5 0-1

[Event "Kolomna op-A"]
[White "Moiseenko, Ilya"]
[Black "Bajaramov, Elvin"]
[Site "Kolomna"]
[Round "8"]
[Result "1-0"]
[Date "2012.10.01"]
[WhiteElo "2244"]
[BlackElo "2025"]
[PlyCount "85"]
[EventDate "2012.09.27"]
[EventType "swiss"]
[EventRounds "9"]
[EventCountry "RUS"]
[SourceTitle "EXT 2013"]
[Source "ChessBase"]
[SourceDate "2012.11.22"]
[SourceVersion "1"]
[SourceVersionDate "2012.11.22"]
[SourceQuality "1"]

1. c4 e5 2. Nc3 Nc6 3. g3 Nf6 4. Bg2 Bc5 5. a3 a5 6. e3 d6 7. Nge2 Bf5 8. d4 Ba7 9. 0-0 Qd7 10. Re1 0-0 11. Nd5 Nxd5 12. cxd5 Ne7 13. b4 Bh3 14. Bh1 Qb5 15. dxe5 dxe5 16. Bb2 Rad8 17. Nc3 Qd7 18. bxa5 Nc8 19. Qb3 Nd6 20. Ne4 Qe7 21. Rac1 Bf5 22. Nc5 Bxc5 23. Rxc5 Rd7 24. e4 Bxe4 25. Bxe4 Nxe4 26. Rc2 Nf6 27. Rxe5 Qd6 28. Rd2 c6 29. dxc6 Qxd2 30. cxd7 Nxd7 31. Rd5 Qe1+ 32. Kg2 Nb8 33. Re5 Qd2 34. Qxb7 Qd6 35. Qe4 Qd7 36. Re7 Qc6 37. Bd4 Qa4 38. Qe5 Qc6+ 39. f3 Qc2+ 40. Kh3 Qg6 41. Re8 Qh6+ 42. Kg2 Qd2+ 43. Bf2 1-0

[Event "Kolomna op-A"]
[White "Bajaramov, Elvin"]
[Black "Rakhmangulov, Andrei"]
[Site "Kolomna"]
[Round "2"]
[Result "0-1"]
[Date "2012.09.28"]
[WhiteElo "2025"]
[BlackElo "2425"]
[PlyCount "54"]
[EventDate "2012.09.27"]
[EventType "swiss"]
[EventRounds "9"]
[EventCountry "RUS"]
[SourceTitle "EXT 2013"]
[Source "ChessBase"]
[SourceDate "2012.11.22"]
[SourceVersion "1"]
[SourceVersionDate "2012.11.22"]
[SourceQuality "1"]

1. e4 d6 2. d4 Nf6 3. f3 e5 4. Ne2 exd4 5. Nxd4 d5 6. e5 Nh5 7. Be3 c5 8. Bb5+ Bd7 9. Bxd7+ Qxd7 10. Nb3 d4 11. Bc1 g6 12. N1d2 f5 13. exf6 Nxf6 14. 0-0 Be7 15. Ne4 Nxe4 16. fxe4 Nc6 17. Qe2 0-0-0 18. Qb5 Nb4 19. Qc4 b5 20. Qe2 c4 21. Bf4 cxb3 22. cxb3 Kb7 23. a4 d3 24. Qf3 Nc2 25. Rad1 Rhf8 26. e5+ Qd5 27. Qh3 Qd4+ 0-1

[Event "Kolomna op-A"]
[White "Gubanov, Oleg"]
[Black "Bajaramov, Elvin"]
[Site "Kolomna"]
[Round "1"]
[Result "0-1"]
[Date "2012.09.27"]
[WhiteElo "2326"]
[BlackElo "2025"]
[PlyCount "80"]
[EventDate "2012.09.27"]
[EventType "swiss"]
[EventRounds "9"]
[EventCountry "RUS"]
[SourceTitle "EXT 2013"]
[Source "ChessBase"]
[SourceDate "2012.11.22"]
[SourceVersion "1"]
[SourceVersionDate "2012.11.22"]
[SourceQuality "1"]

1. Nf3 d5 2. g3 Nf6 3. Bg2 Nc6 4. d4 Bf5 5. c4 dxc4 6. Nc3 e6 7. Qa4 Qd7 8. 0-0 Be7 9. Qxc4 0-0 10. Bf4 a6 11. a4 Rad8 12. Rac1 Nd5 13. Ne5 Nxe5 14. dxe5 Nxf4 15. Qxf4 c6 16. Rfd1 Qc7 17. e4 Bg6 18. Ne2 Qb6 19. Rd2 h6 20. h4 Qb4 21. Nc3 Rxd2 22. Qxd2 Rd8 23. Qc2 Qd4 24. Qb3 Bc5 25. Rc2 b6 26. Kh2 Qxe5 27. Qc4 a5 28. Ne2 Bxf2 29. Qxc6 Rd3 30. Qc7 Qh5 31. Qb8+ Kh7 32. Rc8 Bxg3+ 33. Nxg3 Qxh4+ 34. Kg1 Bh5 35. Nf1 Qg5 36. Rh8+ Kg6 37. Qxb6 Bf3 38. Qf2 Bxe4 39. Qe2 Rd4 40. b3 Bxg2 0-1

[Event "Moscow op-E"]
[White "Bajaramov, Elvin"]
[Black "Kuprijanov, Anatoly"]
[Site "Moscow"]
[Round "5.177"]
[Result "0-1"]
[Date "2011.02.02"]
[WhiteElo "2081"]
[BlackElo "2069"]
[PlyCount "92"]
[EventDate "2011.01.29"]
[EventType "swiss"]
[EventRounds "9"]
[EventCountry "RUS"]
[SourceTitle "EXT 2022"]
[Source "ChessBase"]
[SourceDate "2021.10.06"]
[SourceVersion "1"]
[SourceVersionDate "2021.10.06"]
[SourceQuality "1"]

1. e4 c6 2. Nc3 d5 3. Nf3 Bg4 4. d4 Nf6 5. Bd3 e6 6. 0-0 Nbd7 7. Qe2 dxe4 8. Nxe4 Nxe4 9. Qxe4 Nf6 10. Qe3 Bxf3 11. gxf3 Qc7 12. c4 Bd6 13. Kh1 0-0-0 14. Bd2 Nh5 15. Bc3 Nf4 16. Bc2 Kb8 17. b4 b5 18. Rfb1 bxc4 19. b5 c5 20. b6 axb6 21. a4 Nd5 22. Qd2 Bf4 23. Qe1 Nxc3 24. Qxc3 cxd4 25. Qa5 Rd6 26. Be4 Kc8 27. Qa8+ Qb8 28. Qa6+ Kd7 29. Qb5+ Ke7 30. a5 f5 31. Bxf5 Rd5 32. Qxc4 Rxf5 33. axb6 Rc8 34. Qxd4 Be5 35. Qb4+ Qd6 36. Ra7+ Kf6 37. Qh4+ Rg5 38. Ra4 Qd3 39. Qe4 Qxe4 40. fxe4 Rc2 41. Rf1 Bc3 42. Rc4 Rb5 43. Rc6 Rbb2 44. Kg1 Be5 45. Rxc2 Rxc2 46. Rb1 Rb2 0-1

[Event "Kostroma Volga Cup op"]
[White "Bajaramov, Elvin"]
[Black "Osoblivi, Grigory"]
[Site "Kostroma"]
[Round "4"]
[Result "1-0"]
[Date "2010.07.??"]
[WhiteElo "2075"]
[BlackElo "2259"]
[PlyCount "55"]
[EventDate "2010.07.??"]
[EventType "swiss"]
[EventRounds "9"]
[EventCountry "RUS"]
[SourceTitle "EXT 2011"]
[Source "ChessBase"]
[SourceDate "2010.11.26"]
[SourceVersion "1"]
[SourceVersionDate "2010.11.26"]
[SourceQuality "1"]

1. e4 e6 2. d4 d5 3. exd5 exd5 4. Bd3 Nc6 5. c3 Bd6 6. Nf3 Nge7 7. 0-0 Bg4 8. Re1 Qd7 9. Nbd2 0-0-0 10. b4 Rde8 11. Nb3 Ng6 12. Be3 Nh4 13. Be2 Nf5 14. Bd2 f6 15. h3 Bxf3 16. Bxf3 Qf7 17. Rxe8+ Rxe8 18. c4 Ncxd4 19. Bg4 Kb8 20. Nxd4 Nxd4 21. Be3 Nc6 22. cxd5 Nxb4 23. Be6 Qg6 24. Qa4 c5 25. a3 Na6 26. Qd7 Bc7 27. d6 Bb6 28. Bd5 1-0

[Event "Chigorin Memorial 17th"]
[White "Kalashnikov, Alexey L"]
[Black "Bajaramov, Elvin"]
[Site "St Petersburg"]
[Round "8"]
[Result "0-1"]
[Date "2009.10.23"]
[WhiteElo "2209"]
[BlackElo "2019"]
[PlyCount "98"]
[EventDate "2009.10.16"]
[EventType "swiss"]
[EventRounds "9"]
[EventCountry "RUS"]
[SourceTitle "CBM 132 Extra"]
[Source "ChessBase"]
[SourceDate "2009.11.03"]
[SourceVersion "1"]
[SourceVersionDate "2009.11.03"]
[SourceQuality "1"]

1. e4 e5 2. Nf3 Nf6 3. Nxe5 d6 4. Nxf7 Kxf7 5. Nc3 Be6 6. d4 Be7 7. Qf3 Nbd7 8. h3 Kg8 9. g4 h6 10. Be3 g5 11. 0-0-0 Kg7 12. d5 Ne5 13. Qg3 Bd7 14. f4 gxf4 15. Bxf4 Ng6 16. Be3 Nh7 17. Kb1 Bf6 18. Be2 Be5 19. Bd4 Qf6 20. Bxe5 Qxe5 21. Qe3 Rhf8 22. h4 Rf4 23. Rdg1 Raf8 24. Qxa7 Bc8 25. Bd3 Nf6 26. g5 Ng4 27. h5 Ne7 28. gxh6+ Kxh6 29. Ne2 Rf3 30. Nd4 R3f6 31. a4 Nf2 32. Nf5+ Bxf5 33. Qxf2 Bxe4 34. Qe3+ Rf4 35. Bxe4 Qxe4 36. Qc3 R4f7 37. Qxc7 Nf5 38. Qa5 Ne3 39. Qd2 Rf2 40. Qc3 R8f6 41. Re1 Qxc2+ 42. Qxc2 Nxc2 43. Re6 Nb4 44. b3 Nxd5 45. Re8 R6f3 46. Re6+ Kh7 47. Rhe1 Rxb3+ 48. Kc1 Rbb2 49. R1e4 Rfc2+ 0-1

[Event "Chigorin Memorial 17th"]
[White "Bajaramov, Elvin"]
[Black "Alavkin, Arseny Nailievich"]
[Site "St Petersburg"]
[Round "1"]
[Result "0-1"]
[Date "2009.10.16"]
[WhiteElo "2019"]
[BlackElo "2428"]
[PlyCount "80"]
[EventDate "2009.10.16"]
[EventType "swiss"]
[EventRounds "9"]
[EventCountry "RUS"]
[SourceTitle "CBM 132 Extra"]
[Source "ChessBase"]
[SourceDate "2009.11.03"]
[SourceVersion "1"]
[SourceVersionDate "2009.11.03"]
[SourceQuality "1"]

1. e4 e6 2. d4 d5 3. e5 c5 4. c3 Nc6 5. Nf3 Qb6 6. Be2 cxd4 7. cxd4 Nh6 8. Bxh6 Qxb2 9. Nbd2 gxh6 10. 0-0 Nxd4 11. Nxd4 Qxd4 12. Bb5+ Kd8 13. Qe2 Rg8 14. Nf3 Qg4 15. g3 Bc5 16. Rac1 b6 17. Bc6 Rb8 18. Qd3 Ke7 19. Kg2 Kf8 20. Nd2 Kg7 21. Nb3 Ba3 22. Rc2 Ba6 23. Qxa6 Qe4+ 24. Kg1 Qxc2 25. Bxd5 Bc5 26. Bg2 Qb2 27. Qxa7 Qxe5 28. Rc1 Rbc8 29. Qa4 Bxf2+ 30. Kxf2 Qb2+ 31. Kf3 Rxc1 32. Nxc1 Qxc1 33. Qd4+ Kg6 34. Qe4+ Kf6 35. Qd4+ Ke7 36. Qh4+ Rg5 37. g4 Qa3+ 38. Kf4 Qd3 39. Bf3 e5+ 40. Kg3 e4 0-1

[Event "RUS-ch U14"]
[White "Orekhovsky, Vasily"]
[Black "Bajaramov, Elvin"]
[Site "Dagomys"]
[Round "9"]
[Result "1-0"]
[Date "2009.04.23"]
[WhiteElo "2018"]
[BlackElo "2058"]
[PlyCount "79"]
[EventDate "2009.04.15"]
[EventType "swiss"]
[EventRounds "9"]
[EventCountry "RUS"]
[SourceTitle "CBM 130 Extra"]
[Source "ChessBase"]
[SourceDate "2009.07.02"]
[SourceVersion "2"]
[SourceVersionDate "2009.07.15"]
[SourceQuality "1"]

1. e4 e5 2. Nf3 Nc6 3. Nc3 Bc5 4. Bb5 d6 5. d4 exd4 6. Nxd4 Bd7 7. Be3 Ne5 8. Bxd7+ Qxd7 9. Nf5 Bxe3 10. Nxe3 Nf6 11. 0-0 0-0-0 12. a4 Kb8 13. b4 Qc6 14. Qd4 h5 15. a5 h4 16. b5 Qd7 17. f4 Ng6 18. b6 cxb6 19. axb6 a6 20. Ncd5 Ne8 21. Rfb1 Nf8 22. f5 Nh7 23. Nc7 Qc6 24. Rb4 Ng5 25. Rc4 Qd7 26. Rxa6 bxa6 27. Qd5 Nxc7 28. bxc7+ Qxc7 29. Rxc7 Kxc7 30. Qa5+ Kd7 31. Nd5 Ke8 32. Qc7 Rd7 33. Qc6 Nxe4 34. Nb6 Nf6 35. Nxd7 Ke7 36. Nxf6 Kxf6 37. Qxd6+ Kxf5 38. Qxa6 Rh6 39. Qd3+ Ke5 40. Qc3+ 1-0

[Event "RUS-ch U14"]
[White "Bajaramov, Elvin"]
[Black "Letov, Petr"]
[Site "Dagomys"]
[Round "4"]
[Result "0-1"]
[Date "2009.04.18"]
[WhiteElo "2058"]
[BlackElo "2166"]
[PlyCount "46"]
[EventDate "2009.04.15"]
[EventType "swiss"]
[EventRounds "9"]
[EventCountry "RUS"]
[SourceTitle "CBM 130 Extra"]
[Source "ChessBase"]
[SourceDate "2009.07.02"]
[SourceVersion "2"]
[SourceVersionDate "2009.07.15"]
[SourceQuality "1"]

1. e4 e6 2. d4 d5 3. Nc3 Bb4 4. e5 c5 5. a3 Bxc3+ 6. bxc3 Ne7 7. Qg4 Qc7 8. Qxg7 Rg8 9. Qxh7 cxd4 10. Ne2 Nbc6 11. f4 Bd7 12. Qd3 dxc3 13. Nxc3 a6 14. h3 Na5 15. g4 Rc8 16. Bd2 Nc4 17. Be2 Nxd2 18. Kxd2 Qa5 19. Rhb1 b5 20. Rb3 Rc4 21. Kc1 Ng6 22. Kb2 Rxf4 23. Qg3 Qb6 0-1